000 00805nam a22002411 4500
001 bimo0001389485
003 OSt
005 20140830213003.0
008 960922s1965 sp spa
040 _aSpMaBN
_bspa
_cBMC
082 _a920 Amadeo de Saboya
082 _a944.07
082 _a946.073
100 1 0 _9529
_aRomanones, Álvaro de Figueroa y Torres
_cConde de
_d1863-1950
245 1 0 _aAmadeo de Saboya
_b: el rey efímero : España y los origenes de la guerra francoprusiana de 1870
_cConde de Romanones
260 0 _aMadrid
_bEspasa-Calpe
_c1965
300 _a204 p.
_c18 cm
490 0 _aAustral
_v1348
600 0 4 _aAmadeo de Saboya
_91069
_xBiografías
650 _aGuerra franco-prusiana, 1870-1871
_91086
651 _91087
_aEspaña
_xHistoria
_y1870-1873 (Amadeo I)
942 _2ddc
_cBK
999 _c749
_d749